| 000 | 00797nam a22002537a 4500 | ||
|---|---|---|---|
| 003 | UA-OsUOA | ||
| 001 | 111635 | ||
| 007 | ta | ||
| 008 | 20150528b un ||||| |||| 00| 0 ukr d | ||
| 100 | _aСкгатовский В. Н. | ||
| 090 |
_a101.1 _bС42 |
||
| 942 | _cBK | ||
| 040 |
_aUA-OsUOA _brus _cUA-OsUOA _dUA-OsUOA |
||
| 245 |
_aФилософия развивающейся гармонии: философские основы мировоззрения _bавторский курс в 3 ч. |
||
| 300 | _a224 с. | ||
| 955 | _a1 | ||
| 041 | _arus | ||
| 080 | _a101.1 | ||
| 020 | _a5-288-01626-7 | ||
| 260 |
_aСпб _bСПбУ _c1997 |
||
| 246 | 3 | 1 |
_aЧ. 1 _nВведение: философия и жизнь |
| 650 | 7 |
_a1 Філософські науки _2UDC |
|
| 999 |
_c397804 _d397804 |
||